| 000 | 00752cam a22002413a 4500 | ||
|---|---|---|---|
| 001 | 31418 | ||
| 003 | PGUSA | ||
| 005 | 20140828083659.0 | ||
| 008 | 100227s2010||||xxu|||||s|||||000 | eng d | ||
| 040 |
_aPGUSA _beng |
||
| 042 | _adc | ||
| 050 | 4 | _aF1201 | |
| 100 | 1 |
_aBrinton, Daniel G. _q(Daniel Garrison), _d1837-1899 |
|
| 245 | 1 | 4 |
_aThe Battle and the Ruins of Cintla _h[electronic resource] / _cDaniel G. Brinton |
| 260 |
_bProject Gutenberg, _c2010 |
||
| 506 | _aPublic domain in the USA. | ||
| 516 | _aElectronic text | ||
| 653 | _aTabasco (Mexico : State) -- History, Military | ||
| 653 | _aMexico -- History -- Conquest, 1519-1540 | ||
| 830 | 0 |
_aProject Gutenberg _v31418 |
|
| 856 | 4 | 0 | _uhttp://www.gutenberg.org/ebooks/31418 |
| 942 | _cEB | ||
| 999 |
_c260673 _d260673 |
||